[Event "Challenge"]
[Site "http://www.queenalice.com/game.php?id=605520"]
[Date "2009.6.18"]
[Round "-"]
[White "AlexSantos"]
[Black "AliceLachmann00"]
[Result "0-1"]
[WhiteElo "1100"]
[BlackElo "1257"]

1. g4 d5 2. e3 e5 3. Nc3 Nf6 4. Bb5+ c6 5. Ba4 g6 6. g5 Ng4 7. e4 b5 8. Nxb5 Bd7
9. h3 cxb5 10. Bb3 Nxf2 11. Kxf2 Bc5+ 12. d4 Bxd4+ 13. Kf1 dxe4 14. Rh2 e3 15.
h4 b4 16. c3 bxc3 17. bxc3 Bxc3 18. Rb1 O-O 19. Ne2 Bb5 20. Bd5 Bxe2+ 21. Qxe2
Qxd5 22. Bxe3 Nc6 23. Rb3 Nd4 24. Bxd4 exd4 25. Qd1 Rfe8 26. Rxc3 Qf5+ 27. Rf3
Qb5+ 28. Kg1 Rad8 29. a4 Qc5 30. h5 d3+ 31. Rhf2 d2 32. Rxf7 Qxg5+ 33. Rg2 Re1+
34. Qxe1 dxe1=Q+ 35. Kh2 Qgh4# 0-1

[Event "Challenge"]
[Site "http://www.queenalice.com/game.php?id=605526"]
[Date "2009.6.18"]
[Round "-"]
[White "AlexSantos"]
[Black "marcelotorres"]
[Result "0-1"]
[WhiteElo "979"]
[BlackElo "1660"]

1. g4 e6 2. a4 d5 3. e3 Nf6 4. Bb5+ c6 5. Bd3 Bd6 6. g5 Nfd7 7. h4 g6 8. h5 Qxg5
9. Kf1 Nc5 10. Be2 Ne4 11. hxg6 fxg6 12. b3 Be5 13. Nc3 Bxc3 14. dxc3 Nxc3 15.
Qd2 Nxe2 16. Qxe2 Na6 17. e4 Qe5 18. Rb1 Kd7 19. Nf3 Qd6 20. Bb2 Re8 21. Rh6 Nc5
22. Rxh7+ Re7 23. e5 Qb8 24. Rh6 Rg7 25. b4 Nxa4 26. Bc1 Nc3 0-1

[Event "Challenge"]
[Site "http://www.queenalice.com/game.php?id=605530"]
[Date "2009.6.18"]
[Round "-"]
[White "AlexSantos"]
[Black "Favaro"]
[Result "0-1"]
[WhiteElo "979"]
[BlackElo "994"]

1. Nc3 e5 2. Nd5 c6 3. Ne3 Bc5 4. b4 Bxb4 5. c3 Nf6 6. cxb4 Na6 7. Rb1 Ne4 8.
Nf5 Nxb4 9. Rxb4 a5 10. Rxe4 a4 11. Rxe5+ Kf8 12. Nd6 f6 13. Rf5 g6 14. Rc5 b6
15. Rc3 h5 16. Nxc8 Rxc8 17. Qxa4 Rh7 0-1

[Event "Challenge"]
[Site "http://www.queenalice.com/game.php?id=605531"]
[Date "2009.6.18"]
[Round "-"]
[White "AlexSantos"]
[Black "Favaro"]
[Result "0-1"]
[WhiteElo "924"]
[BlackElo "1026"]

1. a4 d5 2. Ra3 Bf5 3. h3 Nc6 4. Rb3 Na5 5. Rf3 Be4 6. Rg3 h5 7. Nc3 d4 8. Nxe4
h4 9. Rg5 Nf6 10. f3 b6 11. e3 Nc6 12. Bb5 Qd7 13. exd4 a6 14. Bc4 Nxd4 15. c3
Nc6 16. d4 a5 0-1

[Event "Challenge"]
[Site "http://www.queenalice.com/game.php?id=605534"]
[Date "2009.6.18"]
[Round "-"]
[White "AlexSantos"]
[Black "Mars"]
[Result "0-1"]
[WhiteElo "840"]
[BlackElo "1725"]

1. d4 d5 2. Qd3 e6 3. b4 Bxb4+ 4. c3 Bd6 5. a4 Qf6 6. Qb5+ c6 7. Qb2 c5 8. Qb5+
Nc6 9. g3 cxd4 10. f4 dxc3 11. Qd3 Bb4 12. Nxc3 Bxc3+ 13. Bd2 Bxa1 14. h4 Qb2
15. Bc3 Qc1+ 16. Kf2 Bxc3 17. Nf3 Nf6 0-1

[Event "Let's Play Chess!"]
[Site "http://www.queenalice.com/game.php?id=605546"]
[Date "2009.6.18"]
[Round "-"]
[White "Heike67"]
[Black "AlexSantos"]
[Result "1-0"]
[WhiteElo "2024"]
[BlackElo "979"]

1. d4 b6 2. e4 c5 3. Bc4 cxd4 4. Qxd4 h5 5. Qd5 Nc6 6. Nf3 e6 7. Qd1 d5 8. exd5
a6 9. O-O Ra7 10. dxc6 Ne7 11. Qxd8+ Kxd8 12. Be3 Kc7 13. Nc3 Nxc6 14. a3 e5 15.
Bxf7 Kb8 16. Bg6 a5 17. Na4 Ba6 18. Rfe1 h4 19. Bxb6 Re7 20. Bc5 1-0

[Event "AUTO-OPEN-1592"]
[Site "http://www.queenalice.com/game.php?id=605931"]
[Date "2009.6.19"]
[Round "1"]
[White "AlexSantos"]
[Black "Pcchess"]
[Result "0-1"]
[WhiteElo "840"]
[BlackElo "1870"]

1. Nf3 Nf6 2. e3 g6 3. b3 Bg7 4. b4 O-O 5. h4 h5 6. Ng5 d5 7. Nc3 e5 8. b5 d4 9.
exd4 exd4 10. Na4 Re8+ 0-1

[Event "AUTO-OPEN-1592"]
[Site "http://www.queenalice.com/game.php?id=605950"]
[Date "2009.6.19"]
[Round "1"]
[White "AlexSantos"]
[Black "scaramouche"]
[Result "0-1"]
[WhiteElo "887"]
[BlackElo "1928"]

1. b3 e5 2. d4 c6 3. e3 exd4 4. Qxd4 Nf6 5. e4 Qe7 6. Bd3 c5 7. Qxc5 Qxc5 8. h4
Ng4 9. f3 Nf2 10. b4 Nxd3+ 11. cxd3 Qxc1+ 0-1

[Event "AUTO-OPEN-1592"]
[Site "http://www.queenalice.com/game.php?id=605951"]
[Date "2009.6.19"]
[Round "1"]
[White "scaramouche"]
[Black "AlexSantos"]
[Result "1-0"]
[WhiteElo "1930"]
[BlackElo "887"]

1. Nf3 d5 2. c4 dxc4 3. e3 Nc6 4. Bxc4 Na5 5. Qa4+ Nc6 6. Ne5 Nh6 7. Nxc6 bxc6
8. Qxc6+ Bd7 9. Qf3 Rb8 10. d4 e6 11. O-O Nf5 12. a3 1-0